A participatory agroforestry approach for soil and water conservation in Ethiopia

Shranjeno v:
Bibliografske podrobnosti
Glavni avtor: Azene Bekele-Tesemma
Format: Knjiga
Jezik:Undetermined
Izdano: The Netherland Wageningen University 1997
Teme:
Oznake: Označite
Brez oznak, prvi označite!
Thư viện lưu trữ: Trung tâm Học liệu Trường Đại học Cần Thơ
LEADER 00582nam a2200181Ia 4500
001 CTU_38972
008 210402s9999 xx 000 0 und d
082 |a 631.4 
082 |b B424 
100 |a Azene Bekele-Tesemma 
245 2 |a A participatory agroforestry approach for soil and water conservation in Ethiopia 
245 0 |c Azene Bekele-Tesemma 
260 |a The Netherland 
260 |b Wageningen University 
260 |c 1997 
650 |a soil conservation - research,soils, irrigated 
904 |i Liên, 000603 
980 |a Trung tâm Học liệu Trường Đại học Cần Thơ